000 00501nam a2200169 i 4500
001 89529
003 ES-MaACL
005 20230906180218.0
007 t|
008 050111s1943 sp ||||1| spa d
100 1 _aLasala Millaruelo, Jesús de.
_970409
245 1 0 _aGeometría proyectiva /
_cpor Jesús Lasala Millaruelo.
260 _aMadrid :
_bSaeta,
_c1943 (
_fC. Bermejo)
300 _aVIII, 350 p. ;
_c27 cm.
650 0 4 _aGeometría proyectiva.
_913104
852 _aES-MaACL
_jA-2942
_bR.20370
999 _c89529
_d89529